000 01414cam a2200313 i 4500
003 DO-SdBNP
005 20240701153810.0
007 ta
008 240701s1984 sp 000 0 spa d
020 _a8475307310
040 _aDO-SdBNP
_bspa
_cBNPHU
_erda
082 _a823.8
_bS847is
_222
100 1 _aStevenson, Robert Louis,
_b1850-1894
_91070
_eautor
240 1 _aTreasure island /
245 1 3 _aLa isla del tesoro /
_cRobert Louis Stevenson ; traducción editorial Molino
264 1 _aBarcelona, España :
_bEdiciones Orbis,
_c1984.
300 _a189 páginas
_c20 cm.
336 _2rdacontent
_atexto
_btxt
337 _2rdamedia
_asin mediación
_bn
338 _2rdacarrier
_avolumen
_bnc
490 _aLas grandes novelas de aventuras
_v1
520 _aCuando el joven Jim Hawkins encuentra el mapa de una isla desierta en la que se ha escondido un tesoro, recurre a influyentes amigos para fletar la Hispaniola y emprender el viaje. Cuenta con su audacia, la experiencia del capitán Smollet y la inteligencia del doctor Livesey. Pero la tripulación está formada por una banda de filibusteros a las órdenes de John Silver, un verdadero pirata sanguinario que codicia el mismo tesoro.
590 _aInventariado, 2024/ YL
650 4 _aNovela inglesa
_91071
650 4 _aLiteratura inglesa
_9498
710 1 _aEditorial Molino
_etraducción
_985916
910 _aYLockward
942 _2ddc
_cLBS1
999 _c57102
_d57102